Prospects of value addition to natural rubber (Record no. 51278)

MARC details
000 -LEADER
fixed length control field 00393nam a2200145Ia 4500
100 ## - MAIN ENTRY--AUTHOR NAME
Personal name Gopalakrishnan K.S.
245 #0 - TITLE STATEMENT
Title Prospects of value addition to natural rubber
260 ## - PUBLICATION, DISTRIBUTION, ETC. (IMPRINT)
Name of publisher Planters' Chronicle
Year of publication 1997
300 ## - PHYSICAL DESCRIPTION
Number of Pages 489-494
650 ## - SUBJECT ADDED ENTRY--TOPICAL TERM
Topical Term Natural rubber
650 ## - SUBJECT ADDED ENTRY--TOPICAL TERM
Topical Term Rubber product industry
650 ## - SUBJECT ADDED ENTRY--TOPICAL TERM
Topical Term Value addition
942 ## - ADDED ENTRY ELEMENTS (KOHA)
Koha item type Bibliography STAF
Holdings
Withdrawn status Lost status Damaged status Not for loan Home library Current library Shelving location Date acquired Serial Enumeration / chronology Koha item type
      Bibliography RRII Library RRII Library Rubber general 09/04/2014 Volume 92, Issue 11 Bibliography STAF